Abha'th

保存先:
書誌詳細
フォーマット: 電子媒体 逐次刊行物
言語:言語不明
主題:
オンライン・アクセス:Full text available from Religion Database: 01/01/2022 to present
Full text available from Religion Database: 01/01/2016 to 12/31/2020
タグ: タグ追加
タグなし, このレコードへの初めてのタグを付けませんか!

MARC

LEADER 00000cas a2200000Ia 4500
001 ssj0002964897
003 WaSeSS
005 20240819110457.0
006 m d
007 cr n
008 240214c99999999xx |||||s|||||| ||und||
022 |y 2519-7932 
035 |a (WaSeSS)ssj0002964897 
040 |d WaSeSS 
245 0 0 |a Abha'th  |h [electronic resource] 
506 |a License restrictions may limit access. 
655 0 |a Electronic journals. 
856 4 0 |z Full text available from Religion Database: 01/01/2022 to present  |u https://wwwproquest.unach.elogim.com/intermediateredirectforezproxy 
856 4 0 |z Full text available from Religion Database: 01/01/2016 to 12/31/2020  |u https://wwwproquest.unach.elogim.com/intermediateredirectforezproxy